Wheel of Time Books by Event: Easy - Statistics

General Stats
  • This quiz has been taken 26 times
  • The average score is 13 of 15
Answer Stats
Hint Answer % Correct
The Last Battle A Memory of Light
100%
Fall of the Stone of Tear The Dragon Reborn
100%
Rand takes Illian A Crown of Swords
94%
Battle of Falme The Great Hunt
94%
Battle at Dumai's Wells Lord of Chaos
89%
Moiraine tests for Aes Sedai New Spring
89%
Rand, Mat and Perrin meet Mordeth The Eye of the World
89%
The Bowl of the Winds is used The Path of Daggers
89%
Egwene is captured by the White Tower Crossroads of Twilight
83%
Moiraine pushes Lanfear through a ter'angreal The Fires of Heaven
83%
The Seanchan raid the White Tower The Gathering Storm
83%
Battle of Malden Knife of Dreams
78%
Siuan Sanche is deposed The Shadow Rising
78%
Mat rescues Moiraine Towers of Midnight
78%
The cleansing of saidin Winter's Heart
78%
No matching quizzes found
Score Distribution
Percent of People with Each Score
Percentile by Number Answered
Your Score History
You have not taken this quiz